Institute of microbial chemistry

Na minha lista:
Detalhes bibliográficos
Autor principal: Umezawa, Hamao
Formato: Livro
Idioma:Undetermined
Publicado em: Tokyo Microbial Chemistry Rearch Foundation 1977
Assuntos:
Tags: Adicionar Tag
Sem tags, seja o primeiro a adicionar uma tag!
Thư viện lưu trữ: Trung tâm Học liệu Trường Đại học Cần Thơ
LEADER 00487nam a2200181Ia 4500
001 CTU_95093
008 210402s9999 xx 000 0 und d
082 |a 576.0202 
082 |b U49 
100 |a Umezawa, Hamao 
245 0 |a Institute of microbial chemistry 
245 0 |c Hamao Umezawa 
260 |a Tokyo 
260 |b Microbial Chemistry Rearch Foundation 
260 |c 1977 
650 |a Microbiology 
904 |i Năm 
980 |a Trung tâm Học liệu Trường Đại học Cần Thơ